|
|
|
|
| LEADER |
00781nab a2200241 i 4500 |
| 001 |
misc65046 |
| 005 |
20240906153631.0 |
| 008 |
240220s1959 hu o 000 ger d |
| 040 |
|
|
|a SZTE Miscellanea Repozitórium
|b hun
|
| 041 |
|
|
|a ger
|
| 041 |
|
|
|a tur
|
| 100 |
1 |
|
|a Tietze Andreas
|
| 245 |
1 |
4 |
|a Die Eingliederung der wörtlichen Rede im Türkischen
|h [elektronikus dokumentum] /
|c Tietze Andreas
|
| 260 |
|
|
|c 1959
|
| 300 |
|
|
|a 89-121
|c 23 cm
|
| 300 |
|
|
|a [33] p.
|c 23 cm
|
| 490 |
0 |
|
|a Wiener Zeitschrift für die Kunde des Morgenlandes
|
| 561 |
|
|
|a Németh Gyula hagyaték
|
| 591 |
|
|
|a NOA 6080
|
| 650 |
|
4 |
|a Bölcsészettudományok
|
| 650 |
|
4 |
|a Nyelvek és irodalom
|
| 695 |
|
|
|a Török nyelv
|
| 856 |
4 |
0 |
|u http://misc.bibl.u-szeged.hu/65046/1/6080_noa.pdf
|z Dokumentum-elérés
|